000 00940cab a2200205 4500
001 ##L134810
008 060904n2006 000 0 eng u
035 _a(Sirsi) u134810
041 0 _aeng
100 1 _aJansen, Mark
245 0 0 _aBeast from the east
260 _c2006
490 0 _aProperty Week
_v71(35) 1 September 2006, 69(1)
520 _aDiscusses the problems that developers can encounter through the presence of Japanese knotweed. The plant may already be present on a site, or may be introduced by soil brought in for landscaping. It can go on to damage foundations and tarmac surfaces. The Environment Agency is publishing a new guide to the problem this month entitled "Environment Agency code of practice for managing Japanese knotweed on developement sites".
590 _aIKA050906
650 2 4 _aJAPANESE KNOTWEED
651 4 _aEngland and Wales
_y1543-
690 _aPROPERTY-PROPERTY DEVELOPMENT
942 _n0
999 _c77659
_d77659